Cinco mil muertos en 6 meses: represión en El Salvador
Wedi'i Gadw mewn:
| Fformat: | Texto |
|---|---|
| Pynciau: | |
| Tagiau: |
Ychwanegu Tag
Dim Tagiau, Byddwch y cyntaf i dagio'r cofnod hwn!
|
MARC
| LEADER | 00000 a a2200000 04500 | ||
|---|---|---|---|
| 001 | 17959 | ||
| 003 | |||
| 040 | |||
| 245 | |a Cinco mil muertos en 6 meses: |b represión en El Salvador | ||
| 650 | |a MUERTE | ||
| 650 | |a REPRESION | ||
| 650 | |a POLITICA | ||
| 650 | |a DEMOCRACIA | ||
| 650 | |a CAMPESINADO | ||
| 650 | |a EL SALVADOR | ||
| 773 | |g volumen 4, número 32; (1980) páginas 365 | ||
| 999 | |c 34291 |d 34291 | ||
| 773 | 0 | |0 42391 |9 3838 |a Agencia Latinoamericana de Información, ALAI |d Quito, Ecuador: ALAI |o 04410 |t ALAI: |x 08275564 (Servicio mensual de información y documentación) | |
